00307nam a2200121Ia 4500008004100000082001000041245002500051250000600076260004500082300000800127630002500135730002500160090124s9999 xx 000 0 und d b35446 a अशी भेट a1 bभावे ऊर्मिलाc2008 a240 a अशी भेट a अशी भेट